| 000 | 00514nam a22001577a 4500 | ||
|---|---|---|---|
| 008 | 150617b xxu||||| |||| 00| 0 eng d | ||
| 020 | _a9789814607834 | ||
| 050 | _aPE 1001 .P949w 2014 | ||
| 100 | _aPrieto, Margarita | ||
| 245 |
_aLearning zone 4 : workbook / _b workbook / _cMargarita Prieto ; Laura McGowan .-- |
||
| 260 |
_aMexico _bMcGraw-Hill _cc2014 |
||
| 300 |
_a126 pages., _billustrations., ; _c27 cm. _eWorkbook |
||
| 500 | _aAccompanied by CD-ROM | ||
| 700 | _aMcGowan, Laura | ||
| 942 |
_2lcc _cBK |
||
| 999 |
_c288264 _d288264 |
||